| 000 | 00737nab a2200229 u 4500 | ||
|---|---|---|---|
| 001 | 09414 | ||
| 003 | HDC | ||
| 007 | cr bn ---aaaaa | ||
| 008 | 210201c2009 my dr|nes 0 a may d | ||
| 040 | _aHDC | ||
| 245 | 0 | _aTwitter Carian Tertinggi Dalam Bing | |
| 260 |
_aKuala Lumpur : _bUtusan Melayu (M) Bhd., _c2009 |
||
| 336 |
_atext _2rdacontent |
||
| 337 |
_acomputer _2rdamedia |
||
| 338 |
_aonline resource _2rdacarrier |
||
| 650 |
_asearch engine _99737 |
||
| 650 |
_aTwitter _zMalaysia _99736 |
||
| 856 | _zRequest full-text at [email protected] | ||
| 942 | _2lcc | ||
| 942 | _cNEWS | ||
| 942 | _kNWSC 002471 | ||
| 999 |
_c6737 _d6737 |
||